000 00691nam a2200217Ia 4500
003 GCL
008 140319s9999 xx 000 0 ara d
040 _aGCL /
_cGCL
082 0 4 _a320.5
_bج ب
100 1 _aجورباتشوف
245 1 0 _aالبيريسترويك0 تفكير جديد لبلادنا والعالم /
_cجورباتشوف
700 1 _aمحمد المعلم(مراجع)
700 1 _aحمدى عبدالجواد
300 _a315 ص
490 _a
650 0 4 _aالاحوال الاجتماعية
650 0 4 _aالاتحاد السوفيتى
650 0 4 _aالاحوال الاقتصادية
650 0 4 _aالعلاقات الخارجية
942 _2ddc
_cBK
999 _c38410
_d38410